| 000 | 00412nam a2200157Ia 4500 | ||
|---|---|---|---|
| 003 | LK-CoDNM | ||
| 008 | 010623t1934 xxu||||| |||| 00| 1 eng d | ||
| 040 |
_aLK-CoDNM _dLK-CoDNM _eLK-CoDNM |
||
| 041 | _aeng | ||
| 080 | _a6 M.32 | ||
| 100 | _aBrohier, R.L. | ||
| 245 | _aAncient Irrigation Works in Ceylon | ||
| 260 |
_bCeylon Government Press _aColombo _c1934 |
||
| 300 | _b37p.,map., iill., 23 cm | ||
| 942 | _cBK | ||
| 999 |
_c97033 _d97033 |
||